01151nam0a22002411 4500001001100000005001700011021001900028035002600047100004100073101000800114102000700122105001800129200026000147210007800407215001500485300004300500320005100543606009400594700016100688801001800849801002200867852002000889rc\372993520260406000408.0 aRUb[74-89067] a(NLR Aleph) 007865386 a20130115d1974 |||y0rusy50 ca0 arus aRU ay z |||||1 aИзучение политической экономии современного капитализмаeУчеб. пособиеfМ-во высш. и сред. спец. образования РСФСР. Краснояр. политехн. ин-т aКрасноярскc[Краснояр. политехн. ин-т]d1974 a48 с.d20 aНа обл. авт. не указан aСписок лит.: с. 46-47 (33 назв.) aПолитическая экономияjПособия для заочников2psbo 18rus7caaСмирновbВ. В.cканд. юрид. наук, политика, правоf1941-gВильям Викторович3RU\NLR\AUTH\77109958 0aRUbNLRgpsbo 1aRUbELAR2rusmarc aNLRj74-4/29894